000 00576nam a2200229Ia 4500
003 OSt
005 20221005131204.0
006 a|||||r|||| 00| 0
007 ta
008 221004b |||||||| |||| 00| 0 eng d
024 _a40619
037 _cTextual
040 _aCRL
_cCRL
_beng
041 _2eng
_aeng
082 _aO:1L92:9, F6
100 _aSolve Melvint T
_9639232
245 0 _aShelley his theory of poetry
260 _c1926
650 _aENGLISH LITERATURE
942 _hO:1L92:9, F6
_cTEXL
_2cc
999 _c1059600
_d1059600